000 00504nam a22001817a 4500
005 20240830124152.0
008 240830b |||||||| |||| 00| 0 eng d
020 _a062003755
041 _aEnglish/Afrikaans
082 _a340.03 MAR
100 _lEnglish/Afrikaans
245 _aJuridical Dictionary
250 _aFirst Edition
260 _aJohannesburg:
_bHennop,
_c1980
300 _b415 pages;
_c21 cm.
650 _aLegal practice
_bLaw
942 _cBK
_6ALISON_BN_VRIES
999 _c2968
_d2968